|
|
|
|
| LEADER |
00000nam0a2200000 4500 |
| 001 |
374238 |
| 005 |
20231101051042.0 |
| 010 |
|
|
|a 5250007082
|
| 020 |
|
|
|a RU
|b 90-57194
|
| 035 |
|
|
|a (RuTPU)RU\TPU\retro\31672
|
| 035 |
|
|
|a RU\TPU\book\225879
|
| 090 |
|
|
|a 374238
|
| 100 |
|
|
|a 20221219d1990 km y0rusy5003 ca
|
| 101 |
0 |
|
|a rus
|
| 102 |
|
|
|a RU
|
| 105 |
|
|
|a y z 001zy
|
| 200 |
1 |
|
|a Ленин о Польше и польском рабочем движении
|e статьи, речи, документы, письма
|f В. И. Ленин
|
| 210 |
|
|
|a Москва
|c Политиздат
|d 1990
|
| 215 |
|
|
|a 589,[1] с.
|d 23 см
|
| 320 |
|
|
|a Библиогр. в примеч.: с. 451-541.
|
| 320 |
|
|
|a Указ. имен.: с. 542-582.
|
| 610 |
1 |
|
|a рабочее движение
|
| 610 |
1 |
|
|a Польша
|
| 610 |
1 |
|
|a история
|
| 610 |
1 |
|
|a 19 век
|
| 610 |
1 |
|
|a 20 век
|
| 610 |
1 |
|
|a статьи
|
| 610 |
1 |
|
|a речи
|
| 610 |
1 |
|
|a документы
|
| 610 |
1 |
|
|a письма
|
| 686 |
|
|
|a Т3(2)6-8Ленин154
|2 rubbk
|
| 700 |
|
1 |
|a Ленин
|b В. И.
|g Владимир Ильич
|4 070
|
| 801 |
|
0 |
|a RU
|b RuMRKP
|c 19950417
|g psbo
|
| 801 |
|
1 |
|a RU
|b 63413507
|c 20120120
|
| 801 |
|
2 |
|a RU
|b 63413507
|c 20221219
|g RCR
|
| 942 |
|
|
|c BK
|